000 00293nam a22001337a 4500
008 170401b xxu||||| |||| 00| 0 eng d
020 _a9780495015970
041 _aeng
080 _28TH
_a574
100 _a9
101 _aSHM
245 _aSUSTAINING THE EARTH
_cMILLER, G.T
942 _2udc
_cBK
999 _c9434
_d9434